[Event "Coppa del Mondo FIDE 2025"]
[Site "Goa"]
[Date "04.11.2025"]
[Round "1A"]
[White "Oparin, Grigoriy"]
[Black "Dardha, Daniel"]
[Result "1/2-1/2"]
[WhiteElo "2660"]
[BlackElo "2624"]
[EventDate "2025.11.01"]
[EventType "k.o."]

1. e4 c5 2. Nf3 d6 3. d4 cxd4 4. Nxd4 Nf6 5. Nc3 e6 6. g4 h6 7. Rg1 Nc6 8.
Be3 Be7 9. h3 a6 10. Nxc6 bxc6 11. Qf3 d5 12. O-O-O Bb7 13. h4 Qa5 14. g5
Nxe4 15. Nxe4 dxe4 16. Qxe4 Qxa2 17. Bc4 Qa1+ 18. Kd2 Qa5+ 19. Ke2 hxg5 20.
hxg5 Qf5 21. Qxf5 exf5 22. Rh1 Rxh1 23. Rxh1 c5 24. Rh8+ Kd7 25. Rh7 Bf8
26. Bxf7 Be4 27. f4 Bxc2 28. Bd2 Rb8 29. Bc3 Bb3 30. Bxg7 Bxg7 31. Rxg7
Bxf7 32. Rxf7+ Ke6 33. Rf6+ Kd5 34. Rxf5+ Ke4 35. Rf6 Rxb2+ 36. Kd1 Rg2 37.
g6 Kd3 38. Rd6+ Ke4 39. Rxa6 Kxf4 40. Rc6 Kf5 41. Rxc5+ Kxg6 42. Rc2 Rxc2
1/2-1/2

[Event "Coppa del Mondo FIDE 2025"]
[Site "Goa"]
[Date "04.11.2025"]
[Round "1A"]
[White "Najer, Evgeniy"]
[Black "Christiansen, Johan-Sebastian"]
[Result "1-0"]
[WhiteElo "2613"]
[BlackElo "2661"]
[EventDate "2025.11.01"]
[EventType "k.o."]

1. e4 e5 2. Nf3 Nc6 3. Bb5 a6 4. Ba4 Nf6 5. O-O Bc5 6. c3 O-O 7. d4 Ba7 8.
Bg5 h6 9. Bh4 d6 10. Bxc6 bxc6 11. dxe5 dxe5 12. Nxe5 Qe7 13. Nf3 Qxe4 14.
Bxf6 gxf6 15. Nbd2 Qf4 16. Re1 Bf5 17. Qe2 Rfd8 18. Ne4 Bh7 19. Ng3 Bg6 20.
Rad1 a5 21. Qe7 Rxd1 22. Rxd1 Rb8 23. Rd8+ Rxd8 24. Qxd8+ Kg7 25. Qd2 Qg4
26. Nd4 Qd7 27. h3 Qd5 28. Ndf5+ Kf8 29. Qxh6+ Ke8 30. Qf4 Kd7 31. h4 Qxa2
32. h5 Bh7 33. Ne4 Kc8 34. Kh2 Qe6 35. g4 Kb8 36. Nfg3 Qc4 37. Qf3 Qb5 38.
Nxf6 Bb1 39. h6 Qxb2 40. Nge4 Qc1 41. g5 Bxe4 42. Nxe4 f5 43. Qxf5 Qd1 44.
h7 Qh5+ 45. Qh3 1-0

[Event "Coppa del Mondo FIDE 2025"]
[Site "Goa"]
[Date "04.11.2025"]
[Round "1A"]
[White "Navara, David"]
[Black "Grebnev, Aleksey"]
[Result "1/2-1/2"]
[WhiteElo "2656"]
[BlackElo "2611"]
[EventDate "2025.11.01"]
[EventType "k.o."]

1. e4 e5 2. Nf3 Nf6 3. Nxe5 d6 4. Nf3 Nxe4 5. d4 d5 6. Bd3 Be7 7. O-O Bf5
8. Re1 O-O 9. Nbd2 Nd6 10. Nf1 Bg6 11. Bf4 Nd7 12. c3 Re8 13. Qc2 c6 14.
Bxg6 hxg6 15. Ng3 Nf6 16. Re2 Nde4 17. Rae1 Bd6 18. Bxd6 Qxd6 19. Nxe4 Rxe4
20. Ng5 Rxe2 21. Qxe2 Qd7 22. h4 Re8 23. Qd2 Nh7 24. Nf3 Nf8 25. g3 Rxe1+
26. Nxe1 Qf5 27. Qd3 Qg4 28. Kg2 g5 29. hxg5 Qxg5 30. Nf3 Qe7 31. Ne5 f6
32. Ng4 Qe6 33. Ne3 Kf7 34. b3 g6 35. c4 Qe4+ 36. Qxe4 dxe4 37. f3 Ne6 38.
d5 cxd5 39. Nxd5 exf3+ 40. Kxf3 f5 41. b4 g5 42. g4 fxg4+ 43. Kxg4 Kg6 44.
Ne7+ Kf6 45. Nc8 a6 46. Nd6 b6 47. a4 Ke5 48. Nb7 Kd4 49. Nd6 a5 50. bxa5
bxa5 51. Nb7 Kxc4 52. Nxa5+ Kb4 53. Nc6+ Kxa4 54. Ne5 Nd8 55. Kxg5 Nf7+ 56.
Nxf7 1/2-1/2

[Event "Coppa del Mondo FIDE 2025"]
[Site "Goa"]
[Date "04.11.2025"]
[Round "1A"]
[White "Svane, Rasmus"]
[Black "Mamedov, Rauf"]
[Result "1/2-1/2"]
[WhiteElo "2620"]
[BlackElo "2651"]
[EventDate "2025.11.01"]
[EventType "k.o."]

1. d4 Nf6 2. c4 g6 3. Nc3 d5 4. Nf3 Bg7 5. e3 O-O 6. cxd5 Nxd5 7. Bc4 Nb6
8. Bb3 c5 9. O-O cxd4 10. exd4 Nc6 11. d5 Na5 12. Re1 Nxb3 13. axb3 Bg4 14.
h3 Bxf3 15. Qxf3 Re8 16. Be3 Bxc3 17. bxc3 Qxd5 18. Bxb6 Qxf3 19. gxf3 axb6
20. Rxa8 Rxa8 21. Rxe7 Ra3 22. Rxb7 Rxb3 23. Rc7 b5 24. Kg2 Kg7 25. Rc6 b4
26. cxb4 Rxb4 27. Rc5 h5 28. Ra5 Rb1 29. Rc5 Rb4 30. Ra5 Rb1 1/2-1/2

[Event "Coppa del Mondo FIDE 2025"]
[Site "Goa"]
[Date "04.11.2025"]
[Round "1A"]
[White "Deac, Bogdan-Daniel"]
[Black "Suleymanli, Aydin"]
[Result "1/2-1/2"]
[WhiteElo "2674"]
[BlackElo "2602"]
[EventDate "2025.11.01"]
[EventType "k.o."]

1. d4 Nf6 2. c4 e6 3. Nc3 Bb4 4. e3 O-O 5. Bd3 d5 6. a3 dxc4 7. Bxc4 Bd6 8.
Qc2 Nc6 9. f4 Nb8 10. e4 Be7 11. Nf3 c5 12. dxc5 Bxc5 13. e5 Ng4 14. Ng5 g6
15. Qe2 h5 16. h3 Nh6 17. Nce4 Bb6 18. g4 Nc6 19. Bd2 Bd7 20. Qd3 Nd4 21.
O-O-O Rc8 22. Bc3 Ba4 23. Bxd4 Bxd1 24. Rxd1 Qxd4 25. Qxd4 Bxd4 26. Rxd4 b5
27. Nd6 hxg4 28. hxg4 bxc4 29. Nxc8 Rxc8 30. Rd7 a6 31. Kc2 Nxg4 32. Nxf7
Rf8 33. Ng5 Rxf4 34. Nxe6 Rf2+ 35. Kc3 Rf3+ 36. Kb4 Nxe5 37. Rd8+ Kf7 38.
Ng5+ Ke7 39. Nxf3 Nc6+ 40. Kxc4 Kxd8 41. Kc5 Kc7 42. b4 Nd8 43. a4 Ne6+ 44.
Kd5 Nf4+ 45. Kc4 Ne6 46. a5 g5 47. Ne5 Kd6 48. Nf7+ Ke7 49. Nxg5 Nxg5 50.
Kc5 Kd7 51. Kb6 Kc8 52. Kxa6 Kb8 53. Kb6 Ne6 54. a6 Ka8 55. b5 Nd4 56. Kc5
Nxb5 1/2-1/2

[Event "Coppa del Mondo FIDE 2025"]
[Site "Goa"]
[Date "04.11.2025"]
[Round "1A"]
[White "Ivanchuk, Vasyl"]
[Black "Shankland, Sam"]
[Result "0-1"]
[WhiteElo "2608"]
[BlackElo "2670"]
[EventDate "2025.11.01"]
[EventType "k.o."]

1. c4 g6 2. Nc3 c5 3. g3 Bg7 4. Bg2 Nc6 5. d3 d6 6. Qd2 e5 7. e3 Nge7 8.
Nge2 Be6 9. Nd5 Rb8 10. b3 b5 11. Bb2 O-O 12. O-O Qd7 13. f4 Bh3 14. Bxh3
Qxh3 15. Nxe7+ Nxe7 16. cxb5 Rxb5 17. fxe5 dxe5 18. Nc3 Rb6 19. Ba3 Rc6 20.
Na4 Nf5 21. Bxc5 Rfc8 22. b4 h5 23. Rae1 Bh6 24. Qg2 Qxg2+ 25. Kxg2 Ra6 26.
e4 Nxg3 27. hxg3 Rxa4 28. Re2 Bf8 29. Ref2 Rc7 30. Bxf8 Kxf8 31. Rb2 Rd7
32. Rd1 Ra3 33. Rbd2 Rd4 34. b5 Kg7 35. Kh3 Rb4 36. Rc1 Rxb5 37. Rc7 Rb6
38. d4 exd4 39. e5 Re6 40. Rxd4 Rxe5 41. Rdd7 Rf5 42. Rxa7 Rxa7 43. Rxa7
Rf2 44. a4 g5 0-1

[Event "Coppa del Mondo FIDE 2025"]
[Site "Goa"]
[Date "04.11.2025"]
[Round "1A"]
[White "Wojtaszek, Radoslaw"]
[Black "Lagarde, Maxime"]
[Result "1/2-1/2"]
[WhiteElo "2661"]
[BlackElo "2609"]
[EventDate "2025.11.01"]
[EventType "k.o."]

1. d4 Nf6 2. c4 g6 3. Nc3 d5 4. Bf4 Bg7 5. e3 c5 6. dxc5 Qa5 7. Rc1 O-O 8.
cxd5 Nbd7 9. f3 Nxc5 10. e4 b5 11. b4 Qxb4 12. Bd2 Qb2 13. Rc2 Qa3 14. Bxb5
Ba6 15. Nb1 Nd3+ 16. Ke2 Nc5 17. Ke1 Nd3+ 18. Ke2 Nc5 19. Ke1 Nd3+ 20. Ke2
1/2-1/2

[Event "Coppa del Mondo FIDE 2025"]
[Site "Goa"]
[Date "04.11.2025"]
[Round "1A"]
[White "Narayanan, S.L."]
[Black "Vitiugov, Nikita"]
[Result "1/2-1/2"]
[WhiteElo "2591"]
[BlackElo "2666"]
[EventDate "2025.11.01"]
[EventType "k.o."]

1. d4 Nf6 2. c4 e6 3. Nf3 d5 4. Nc3 Be7 5. Bg5 h6 6. Bh4 dxc4 7. e3 c5 8.
Bxc4 cxd4 9. exd4 Nc6 10. O-O O-O 11. Re1 Nh5 12. Bxe7 Nxe7 13. Ne5 Nf6 14.
h4 Bd7 15. Qd3 Bc6 16. Rad1 Ned5 17. Bb3 Rc8 18. Nxd5 Bxd5 19. Bc2 Re8 20.
Bb1 Kf8 21. Qd2 Nd7 22. Qf4 Nxe5 23. dxe5 Rc4 24. Re4 Qc7 25. Rxc4 Qxc4 26.
Qxc4 Bxc4 27. Be4 Bxa2 28. Rd7 Bd5 29. Bxd5 exd5 30. Rxb7 Rxe5 31. Rxa7
Re1+ 32. Kh2 Re2 33. Rd7 Rxf2 34. Rxd5 Rxb2 35. Ra5 Re2 36. Kh3 Ke7 37. g3
Kf6 38. Kg4 Rf2 39. Kh3 g6 40. h5 g5 41. g4 Rf3+ 42. Kg2 Re3 43. Kf2 Re5
44. Ra6+ Re6 45. Ra5 Rd6 46. Kf3 Ke6 47. Rb5 Ra6 48. Kg3 f6 49. Kf3 Ra3+
50. Ke4 Ra4+ 51. Kf3 Rf4+ 52. Kg3 Rd4 53. Kf3 Rd5 54. Rb8 Rd3+ 55. Ke4 Rg3
56. Rb6+ Kf7 57. Rb7+ Ke6 1/2-1/2

[Event "Coppa del Mondo FIDE 2025"]
[Site "Goa"]
[Date "04.11.2025"]
[Round "1A"]
[White "Theodorou, Nikolas"]
[Black "Indjic, Aleksandar"]
[Result "1/2-1/2"]
[WhiteElo "2646"]
[BlackElo "2650"]
[EventDate "2025.11.01"]
[EventType "k.o."]

1. d4 Nf6 2. c4 e6 3. Nc3 Bb4 4. g3 c5 5. dxc5 Na6 6. Bd2 Nxc5 7. Bg2 O-O
8. a3 Bxc3 9. Bxc3 Nce4 10. Qc2 Nxc3 11. Qxc3 Rb8 12. Nf3 b6 13. O-O Bb7
14. Rfd1 Qc7 15. Rac1 Rbc8 16. Nd4 a6 17. Qe3 Bxg2 18. Kxg2 Qb7+ 19. Qf3
Ne4 20. Nb3 Rc7 21. Nd2 Nxd2 22. Qxb7 Rxb7 23. Rxd2 Rc8 24. Rcd1 Rcc7 25.
Rd6 Kf8 26. b3 b5 27. c5 Rxc5 28. Rxd7 Rxd7 29. Rxd7 Rc3 30. Ra7 Rxb3 31.
Rxa6 b4 1/2-1/2

[Event "Coppa del Mondo FIDE 2025"]
[Site "Goa"]
[Date "04.11.2025"]
[Round "1A"]
[White "Salem, A.R. Saleh"]
[Black "Mishra, Abhimanyu"]
[Result "1/2-1/2"]
[WhiteElo "2640"]
[BlackElo "2611"]
[EventDate "2025.11.01"]
[EventType "k.o."]

1. d4 Nf6 2. c4 e6 3. Nf3 d5 4. Nc3 c6 5. e3 Nbd7 6. h3 Bd6 7. Bd3 dxc4 8.
Bxc4 b5 9. Bd3 O-O 10. O-O b4 11. Ne4 Nxe4 12. Bxe4 Bb7 13. Nd2 Ba6 14. Re1
Rc8 15. a3 Bb5 16. Bf3 a5 17. Ne4 Be7 18. axb4 axb4 19. b3 c5 20. Bb2 c4
21. bxc4 Bxc4 22. Nd2 Nb6 23. Bb7 Rc7 24. Be4 Qd7 25. Ra5 Bd5 26. Bd3 Nc4
27. Nxc4 Bxc4 28. Bxc4 Rxc4 29. Qb3 Rfc8 30. d5 exd5 31. Rd1 Qf5 32. Raxd5
Qc2 33. Qxc2 Rxc2 34. Bd4 f6 35. Rb5 Kf7 36. g4 Rc1 1/2-1/2

[Event "Coppa del Mondo FIDE 2025"]
[Site "Goa"]
[Date "04.11.2025"]
[Round "1A"]
[White "Erdogmus, Yagiz Kaan"]
[Black "Wang, Shixu B"]
[Result "1-0"]
[WhiteElo "2646"]
[BlackElo "2402"]
[EventDate "2025.11.01"]
[EventType "k.o."]

1. e4 e5 2. Nf3 Nc6 3. Bb5 Nf6 4. d3 Bc5 5. Nbd2 O-O 6. O-O d6 7. c3 Ne7 8.
d4 exd4 9. cxd4 Bb6 10. Re1 Bg4 11. h3 Bh5 12. Bf1 Nc6 13. g4 Bg6 14. d5
Ne5 15. Nxe5 dxe5 16. Bg2 Qe7 17. Nc4 Bd4 18. Be3 Bxe3 19. Rxe3 Rfd8 20.
Qb3 b6 21. Qa3 Qe8 22. b4 c6 23. dxc6 Rd4 24. Rc1 b5 25. Na5 Rc8 26. f3 Qe7
27. Rc5 h5 28. Rd3 Rxd3 29. Qxd3 hxg4 30. hxg4 Rd8 31. Qc2 Qd6 32. Nb7 Qd4+
33. Qf2 Qd1+ 34. Qf1 Qd4+ 35. Qf2 Qd1+ 36. Qf1 Qd4+ 37. Kh1 Rc8 38. Qg1 Qd2
39. Qc1 Qd4 40. Qe1 Ne8 41. Qc3 Qd1+ 42. Kh2 f6 43. Rd5 Qe2 44. Nd6 Nxd6
45. Rxd6 Kh7 46. c7 Bf7 47. Rd8 Be6 48. Qc6 Qf2 49. Qxe6 Qh4+ 50. Kg1 Qe1+
51. Bf1 Qg3+ 52. Kh1 Qh4+ 53. Kg2 Rxc7 54. Qg8+ Kg6 55. Qe8+ Kg5 56. Qh5+
Qxh5 57. gxh5 Kxh5 58. Bxb5 Rc2+ 59. Kg3 Rxa2 60. Rh8+ Kg5 61. Be8 1-0

[Event "Coppa del Mondo FIDE 2025"]
[Site "Goa"]
[Date "04.11.2025"]
[Round "1A"]
[White "Yuffa, Daniil"]
[Black "Xiong, Jeffery"]
[Result "0-1"]
[WhiteElo "2648"]
[BlackElo "2640"]
[EventDate "2025.11.01"]
[EventType "k.o."]

1. d4 d5 2. c4 e6 3. Nc3 c6 4. e3 Nf6 5. Nf3 Nbd7 6. Qc2 Bd6 7. Bd3 O-O 8.
O-O dxc4 9. Bxc4 a6 10. e4 e5 11. Be3 exd4 12. Bxd4 Ng4 13. Rad1 Qe7 14.
Bb3 Nde5 15. Bxe5 Nxe5 16. Nxe5 Bxe5 17. f4 Bc7 18. e5 Bg4 19. Rde1 Rad8
20. f5 Bxe5 21. Qe4 Rfe8 22. Qxg4 Bd4+ 23. Qxd4 Rxd4 24. Rxe7 Rxe7 25. g3
Re5 26. f6 g6 27. Kg2 b5 28. Rf4 c5 29. Rxd4 cxd4 30. Nd5 a5 31. Ne7+ Kf8
32. Nc6 Re2+ 33. Kf3 d3 34. Nd4 Rxb2 35. Nxb5 a4 36. Bc4 Rxh2 37. a3 d2 38.
Nc3 h5 39. Bb5 h4 40. Bxa4 h3 41. Ne4 Rh1 42. Nf2 Re1 43. Nxh3 d1=Q+ 44.
Bxd1 Rxd1 45. Ng5 Ke8 46. Kf4 Rf1+ 47. Nf3 Kd7 48. g4 Ke6 49. g5 Kd5 0-1

[Event "Coppa del Mondo FIDE 2025"]
[Site "Goa"]
[Date "04.11.2025"]
[Round "1A"]
[White "Rodshtein, Maxim"]
[Black "Sargissian, Gabriel"]
[Result "1/2-1/2"]
[WhiteElo "2645"]
[BlackElo "2626"]
[EventDate "2025.11.01"]
[EventType "k.o."]

1. c4 e6 2. Nc3 d5 3. d4 Nf6 4. cxd5 exd5 5. Bg5 Be7 6. e3 O-O 7. Bd3 Re8
8. Nge2 c6 9. O-O Nbd7 10. a4 Nf8 11. Qc2 g6 12. a5 Ne6 13. Bh4 a6 14. Qb3
Nh5 15. Bxe7 Qxe7 16. Na4 Bd7 17. Rfe1 Rad8 18. Qa3 Bc8 19. Qxe7 Rxe7 20.
f3 Nf6 21. Kf2 h5 22. Nc1 Ne8 23. Nb3 Nd6 24. Rad1 Kg7 25. Nbc5 Nxc5 26.
Nxc5 Rde8 27. e4 dxe4 28. fxe4 f6 29. Rd2 Nf7 30. b4 Rd8 31. Bb1 Rde8 32.
h3 Rd8 33. Ba2 Nd6 34. Re3 Rde8 35. Rde2 Nb5 36. Rd2 Nd6 37. Kf3 h4 38.
Rde2 Nb5 39. Rd3 Nd6 40. Rdd2 Nb5 41. Rd3 1/2-1/2

[Event "Coppa del Mondo FIDE 2025"]
[Site "Goa"]
[Date "04.11.2025"]
[Round "1A"]
[White "Martirosyan, Haik M."]
[Black "Artemiev, Vladislav"]
[Result "1/2-1/2"]
[WhiteElo "2628"]
[BlackElo "2664"]
[EventDate "2025.11.01"]
[EventType "k.o."]

1. e4 e5 2. Nf3 Nc6 3. Bc4 Nf6 4. d3 Be7 5. O-O O-O 6. Re1 d6 7. a3 Be6 8.
Nc3 Bxc4 9. dxc4 Qe8 10. Nd5 Nxd5 11. cxd5 Nb8 12. c4 Nd7 13. Be3 f5 14.
exf5 Rxf5 15. Nd2 Bg5 16. Bxg5 Rxg5 17. Ne4 Rf5 18. Qc2 Qg6 19. Ng3 Rf6 20.
Qxg6 Rxg6 21. Ne4 Rf8 22. Rac1 Nf6 23. Nc3 Rg4 24. b3 a6 25. Rcd1 Nd7 26.
h3 Rgf4 27. Ne4 h6 28. f3 Nf6 29. Ng3 Nd7 30. Re3 Ra8 31. Ne2 Rf7 32. Rc1
Nf6 33. f4 exf4 34. Nxf4 Ng4 35. Re4 Nf6 36. Re2 Nd7 37. Ne6 Nc5 38. Nxc5
dxc5 39. Rce1 Raf8 40. Re7 a5 41. Rxf7 Rxf7 42. Re8+ Kh7 43. a4 b6 44. Re6
Rf4 45. Re7 Rd4 46. Rxc7 Rd3 47. Rb7 Rxb3 48. d6 Kg6 49. d7 Rd3 50. Rxb6+
Kf7 51. Rb5 Rxd7 52. Rxc5 Rd1+ 53. Kf2 Rc1 54. Ke3 Ke6 55. h4 Kd6 56. Rd5+
Kc6 57. Kd4 Rg1 58. Rxa5 Rxg2 59. Ra6+ Kb7 60. Re6 Rh2 61. Kd5 g5 62. Re7+
Ka6 63. hxg5 hxg5 64. Rg7 Ra2 65. c5 Rxa4 66. c6 Rh4 67. Kd6 g4 68. Kc7 g3
69. Kd7 Rh8 70. Rxg3 Rh7+ 71. Kd6 Rh6+ 72. Kc5 Rh5+ 73. Kd6 Rh6+ 74. Kd5
Rh5+ 75. Ke6 Kb6 76. Rc3 Kc7 77. Rc2 Rh6+ 78. Ke7 Rxc6 79. Rxc6+ Kxc6
1/2-1/2

[Event "Coppa del Mondo FIDE 2025"]
[Site "Goa"]
[Date "04.11.2025"]
[Round "1A"]
[White "Adams, Michael"]
[Black "Cheparinov, Ivan"]
[Result "1/2-1/2"]
[WhiteElo "2646"]
[BlackElo "2627"]
[EventDate "2025.11.01"]
[EventType "k.o."]

1. e4 c5 2. Nf3 d6 3. d4 cxd4 4. Nxd4 Nf6 5. Nc3 a6 6. Be2 e5 7. Nb3 Be7 8.
Be3 Be6 9. O-O O-O 10. Qd3 Nc6 11. a3 Rc8 12. Rfd1 Nd7 13. Rac1 Nc5 14.
Nxc5 dxc5 15. Qxd8 Rfxd8 16. Nd5 Bxd5 17. Rxd5 Rxd5 18. exd5 Nd4 19. Kf1
Nxe2 20. Kxe2 c4 21. g4 Kf8 22. a4 Bc5 23. f4 Bxe3 24. Kxe3 exf4+ 25. Kxf4
Re8 26. b3 c3 27. Kf3 Re5 28. Rd1 Ke7 29. Rd3 h5 30. h3 hxg4+ 1/2-1/2

[Event "Coppa del Mondo FIDE 2025"]
[Site "Goa"]
[Date "04.11.2025"]
[Round "1A"]
[White "Bacrot, Etienne"]
[Black "Grandelius, Nils"]
[Result "1-0"]
[WhiteElo "2637"]
[BlackElo "2648"]
[EventDate "2025.11.01"]
[EventType "k.o."]

1. e4 e5 2. Nf3 Nc6 3. Bb5 a6 4. Ba4 Nf6 5. O-O Bc5 6. c3 b5 7. Bc2 d5 8.
a4 dxe4 9. axb5 O-O 10. Ng5 Ne7 11. Nxe4 Nxe4 12. Bxe4 Ra7 13. d4 axb5 14.
Rxa7 Bxa7 15. dxe5 Ng6 16. Bxg6 fxg6 17. Qxd8 Rxd8 18. Nd2 Bb7 19. Nf3 Bxf3
20. gxf3 Kf7 21. f4 Ke6 22. Kg2 Rd3 23. Re1 b4 24. cxb4 Rb3 25. Re4 h5 26.
Rc4 Bb6 27. h3 h4 28. Re4 Ba7 29. Be3 Bxe3 30. fxe3 Rxb2+ 31. Kf3 Rh2 32.
Kg4 Re2 33. Kxh4 Kf5 34. e6 g5+ 35. fxg5 1-0

[Event "Coppa del Mondo FIDE 2025"]
[Site "Goa"]
[Date "04.11.2025"]
[Round "1A"]
[White "Martinez Alcantara, Jose Eduardo"]
[Black "Ivic, Velimir"]
[Result "1/2-1/2"]
[WhiteElo "2644"]
[BlackElo "2630"]
[EventDate "2025.11.01"]
[EventType "k.o."]

1. d4 Nf6 2. Nc3 d5 3. Bf4 e6 4. Nb5 Na6 5. e3 Be7 6. Nf3 O-O 7. h4 Ne4 8.
a3 c5 9. c3 Bd7 10. a4 c4 11. Ng5 Nxg5 12. hxg5 Bxg5 13. Bd6 Be7 14. Qh5 h6
15. Bf4 Bg5 16. Bd6 Be7 17. Bf4 Bg5 18. Bd6 Be7 1/2-1/2

[Event "Coppa del Mondo FIDE 2025"]
[Site "Goa"]
[Date "04.11.2025"]
[Round "1A"]
[White "Amin, Bassem"]
[Black "Gledura, Benjamin"]
[Result "1/2-1/2"]
[WhiteElo "2636"]
[BlackElo "2643"]
[EventDate "2025.11.01"]
[EventType "k.o."]

1. Nf3 Nf6 2. g3 d5 3. Bg2 e6 4. O-O Be7 5. d4 O-O 6. c4 dxc4 7. Qc2 a6 8.
a4 Bd7 9. Qxc4 Bc6 10. Bf4 Bd6 11. Qc1 Qe7 12. Nc3 Nd5 13. Bd2 f5 14. Re1
h6 15. Nh4 Qf7 16. f4 Nxc3 17. bxc3 Bxg2 18. Kxg2 c5 19. e4 Nc6 20. Qb2
Rfd8 21. Qa2 cxd4 22. exf5 e5 23. fxe5 Bxe5 24. Qxf7+ Kxf7 25. Nf3 Bf6 26.
cxd4 Nxd4 27. Nxd4 Bxd4 28. Rab1 b5 29. axb5 axb5 30. Bf4 Rd5 31. Red1 Rad8
32. Kf3 Bc3 33. Rxd5 Rxd5 34. Ke4 Rd4+ 35. Ke3 b4 36. Be5 Rd7 37. Kf4 Bd2+
38. Ke4 Re7 39. Kd5 Bc3 40. Bd6 Re1 41. Rb3 Rd1+ 42. Kc6 Kf6 43. Bxb4 Bxb4
44. Rxb4 Kxf5 45. Rf4+ Kg5 46. Kc5 Rd2 47. Rh4 h5 48. Kc4 Kh6 49. Kc3 Rg2
50. Kd3 g5 51. Ra4 Rxh2 52. Ra6+ Kg7 53. Ke3 Rc2 54. Kf3 Rc3+ 55. Kg2 Re3
56. Rb6 Re7 57. Kh3 Rf7 58. Ra6 Rf6 59. Ra8 Rf3 60. Ra7+ Kg6 61. Ra6+ Rf6
62. Ra8 Rd6 63. Rg8+ Kf5 64. Rh8 Rd1 65. Rf8+ Ke4 66. Re8+ Kf3 67. Rf8+ Ke3
68. g4 hxg4+ 1/2-1/2

[Event "Coppa del Mondo FIDE 2025"]
[Site "Goa"]
[Date "04.11.2025"]
[Round "1A"]
[White "Kollars, Dmitrij"]
[Black "Pranesh, M"]
[Result "1/2-1/2"]
[WhiteElo "2647"]
[BlackElo "2630"]
[EventDate "2025.11.01"]
[EventType "k.o."]

1. e4 e5 2. Nf3 Nc6 3. Nc3 Nf6 4. d4 exd4 5. Nxd4 Bb4 6. Nxc6 bxc6 7. Bd3
d5 8. exd5 O-O 9. O-O cxd5 10. h3 c6 11. Qf3 Bd6 12. Bf4 Qc7 13. Bxd6 Qxd6
14. b3 Bb7 15. Qg3 Qxg3 16. fxg3 Nd7 17. Na4 g6 18. g4 Rfe8 19. Rac1 Re7
20. c4 Ba6 21. Rfd1 dxc4 22. Bxc4 Bxc4 23. Rxc4 Nb6 24. Rxc6 Nxa4 25. bxa4
Rb8 26. Rd2 Rb4 27. a5 Ra4 28. a6 h6 29. Rb2 Kg7 30. Kh2 Ra3 31. Rd6 Ra4
32. Kg1 Re1+ 33. Kh2 Rf1 34. Rc2 1/2-1/2

[Event "Coppa del Mondo FIDE 2025"]
[Site "Goa"]
[Date "04.11.2025"]
[Round "1A"]
[White "Tari, Aryan"]
[Black "Pranav, V"]
[Result "0-1"]
[WhiteElo "2631"]
[BlackElo "2596"]
[EventDate "2025.11.01"]
[EventType "k.o."]

1. Nf3 Nf6 2. g3 d5 3. Bg2 e6 4. O-O Be7 5. c4 O-O 6. d3 Nc6 7. cxd5 exd5
8. b3 a5 9. Bb2 Re8 10. Nc3 Bg4 11. h3 Bxf3 12. Bxf3 Ne5 13. Bg2 d4 14. Nb5
Bc5 15. Rc1 Bb6 16. Na3 c6 17. Nc4 Bc7 18. Qd2 Qd7 19. b4 a4 20. Nxe5 Bxe5
21. Rc4 a3 22. Ba1 Nd5 23. Rfc1 Nc7 24. h4 Rad8 25. Qe1 f5 26. Bf3 Qe7 27.
h5 Qd6 28. Kg2 Re7 29. Qd1 Qe6 30. Qd2 Qd6 31. Qd1 Kh8 32. Qb3 Nb5 33. Rc5
Qf6 34. Rxb5 cxb5 35. Qxa3 g5 36. hxg6 Qxg6 37. Rh1 Rg7 38. Qc1 Qe6 39. Qc5
f4 40. g4 Rc8 41. Rh6 Rxg4+ 0-1

[Event "Coppa del Mondo FIDE 2025"]
[Site "Goa"]
[Date "04.11.2025"]
[Round "1A"]
[White "Donchenko, Alexander"]
[Black "Anton Guijarro, David"]
[Result "1/2-1/2"]
[WhiteElo "2624"]
[BlackElo "2625"]
[EventDate "2025.11.01"]
[EventType "k.o."]

1. e4 e5 2. Nf3 Nc6 3. Bb5 Nf6 4. O-O Nxe4 5. Re1 Nd6 6. Nxe5 Be7 7. Bf1
Nxe5 8. Rxe5 O-O 9. d4 Bf6 10. Re1 Nf5 11. c3 d5 12. a4 c6 13. a5 Nd6 14.
Bf4 Bg5 15. Qf3 Qf6 16. Bxg5 Qxg5 17. Qe3 Qxe3 18. Rxe3 Bf5 19. Nd2 Rfe8
20. Rxe8+ Rxe8 21. f3 h5 22. Kf2 f6 23. Nb3 Kf7 24. Nc5 Re7 25. b3 g5 26.
c4 b6 27. Na6 Bc2 28. c5 bxc5 29. Nxc5 Nf5 30. Ra4 Ne3 31. Ba6 Nd1+ 32. Kf1
h4 33. Ra2 Ne3+ 34. Kf2 Nd1+ 35. Kf1 Ne3+ 36. Kg1 Bf5 37. Rd2 Nc2 38. Kf2
Nb4 39. Bf1 Ke8 40. g3 Kd8 41. Be2 Kc7 1/2-1/2

[Event "Coppa del Mondo FIDE 2025"]
[Site "Goa"]
[Date "04.11.2025"]
[Round "1A"]
[White "Hovhannisyan, Robert"]
[Black "Sadhwani, Raunak"]
[Result "1/2-1/2"]
[WhiteElo "2629"]
[BlackElo "2658"]
[EventDate "2025.11.01"]
[EventType "k.o."]

1. e4 e5 2. Nf3 Nc6 3. Bb5 Nf6 4. O-O Nxe4 5. d4 Nd6 6. Bxc6 dxc6 7. dxe5
Nf5 8. Qxd8+ Kxd8 9. Nc3 Ne7 10. Rd1+ Ke8 11. h3 Ng6 12. Re1 h6 13. Ne4 c5
14. h4 Bg4 15. Nh2 h5 16. Nxg4 hxg4 17. Bg5 Be7 18. Rad1 b6 19. Nf6+ Kf8
20. Nxg4 Bxg5 21. hxg5 Rh5 22. Rd7 Rxg5 23. f3 Re8 24. Rxc7 Nxe5 25. Nxe5
Rgxe5 26. Rxe5 Rxe5 27. Rxa7 Re2 28. Rb7 Rxc2 29. Rxb6 c4 30. a4 c3 31.
bxc3 Rxc3 32. a5 Ra3 33. a6 g5 34. Kf2 Kg7 35. Rc6 Ra2+ 36. Kf1 Kh7 37. Rf6
Kg7 38. Rd6 Kh7 39. Rc6 Kg7 40. Rd6 Kh7 41. Kg1 Kg7 42. Kh2 f5 43. Rd7+ Kg6
44. a7 Kh5 45. Rc7 Kg6 46. Kg1 Kf6 47. Kf1 Ke5 48. Ke1 Kf4 49. Rf7 Ke3 50.
Kd1 Ra1+ 51. Kc2 f4 52. Kb2 Ra6 53. Rg7 Kf2 54. Rxg5 Rxa7 55. Kc3 Rd7 56.
Rg4 Rd8 57. Kc4 Rd7 58. Kc5 Rd8 59. Kc4 Rd7 60. Rxf4 Kxg2 61. Rf8 Kg3 62.
Kc5 Rd3 63. f4 Kg4 64. f5 Kg5 65. Kc4 Rf3 66. Kd4 Rxf5 67. Rxf5+ Kxf5
1/2-1/2

[Event "Coppa del Mondo FIDE 2025"]
[Site "Goa"]
[Date "04.11.2025"]
[Round "1A"]
[White "Vokhidov, Shamsiddin"]
[Black "Chigaev, Maksim"]
[Result "1/2-1/2"]
[WhiteElo "2645"]
[BlackElo "2638"]
[EventDate "2025.11.01"]
[EventType "k.o."]

1. e4 e5 2. Nf3 Nc6 3. Bb5 a6 4. Ba4 Nf6 5. O-O Be7 6. d3 d6 7. c3 O-O 8.
h3 h6 9. Re1 b5 10. Bc2 Re8 11. Nbd2 Bf8 12. d4 Bb7 13. a3 Nb8 14. b3 Nbd7
15. Bb2 Rc8 16. a4 Rb8 17. Bd3 d5 18. axb5 dxe4 19. Nxe4 axb5 20. Qc2 exd4
21. Nxd4 c5 22. Nxf6+ Qxf6 23. Nxb5 Ne5 24. Bh7+ Kh8 25. Be4 Bxe4 26. Qxe4
Rxb5 27. c4 Nf3+ 28. gxf3 Qg5+ 29. Qg4 Rxe1+ 30. Rxe1 Rxb3 31. Qxg5 hxg5
32. Bc1 1/2-1/2